Statistiques concernant Evénements du 24 décembre

Cliquez ici pour prendre le quiz!

Statistiques générales

  • Ce quiz a été pris 46 fois
  • Le résultat moyen est 7 sur 15

Statistiques - réponses

HintRéponse% Correct
Naissance de Roselyne Bachelot, ministre1946
77%
Attentat de la rue St Nicaise contre Bonaparte1800
69%
Lancement de la 1ère fusée Ariane1979
67%
Naissance du roi d'Angleterre Jean sans Terre1166
62%
Assassinat du cardinal de Guise1588
62%
Naissance du peintre Pierre Soulages1919
59%
Mort de Vasco de Gama1524
56%
Mort de Maurice Couve de Murville, politicien1999
46%
Assassinat de l'amiral Darlan1942
44%
Election du pape Boniface VIII1294
41%
Naissance d'Elisabeth Wittelsbach, future Sissi1837
38%
Fondation du Ku Klux Klan1865
36%
Naissance de Georges Guynemer, pilote1894
31%
Naissance du musicien Scott Joplin1868
26%
Naissance de Louis Jouvet, acteur1887
23%

Distribution des résultats

Percentile par nombre de réponses

% des personnes avec chaque résultat

Votre développement - résultats

Vous n’avez pas pris ce quiz